000 00669nam a22001817a 4500
003 UA-OsUOA
001 10559
007 ta
008 20050126b un ||||| |||| 00| 0 ukr d
100 _aЕвграшина М .
942 _cSA
040 _aUA-OsUOA
_cUA-OsUOA
_dUA-OsUOA
245 _a" Герой 9 января Георгий Гапон " - было написано на могиле человека , имя которого уже целое столетие служит символом предательства
300 _aС.31
955 _a0
773 0 _w0
_tФакты и коментарии
_dКиїв
_d2005
_gN2
650 7 _aГапон Г .
_2UDC
999 _c296720
_d296720